England 2015 FIFA Women's World Cup squad - Statistics

General Stats
  • This quiz has been taken 37 times
  • The average score is 11 of 23
Answer Stats
Position Player % Correct
DF Alex Scott
90%
FW Ellen White
90%
MF Jill Scott
90%
DF Lucy Bronze
83%
DF Steph Houghton
77%
GK Karen Bardsley
73%
GK Carly Telford
67%
MF Fara Williams
67%
FW Jodie Taylor
57%
DF Alex Greenwood
50%
MF Jordan Nobbs
50%
MF Karen Carney
50%
FW Fran Kirby
40%
FW Toni Duggan
40%
GK Siobhan Chamberlain
37%
DF Casey Stoney
27%
MF Jade Moore
27%
DF Laura Bassett
23%
FW Eniola Aluko
17%
MF Josanne Potter
17%
FW Lianne Sanderson
17%
DF Claire Rafferty
10%
MF Katie Chapman
10%
No matching quizzes found
Score Distribution
Percent of People with Each Score
Percentile by Number Answered
Your Score History
You have not taken this quiz